000 00522nam a2200193 4500
999 _c80547
_d80547
008 210111b ||||| |||| 00| 0 eng d
040 _aSTAFF
_bger
_cSTAFF
_erda
041 _ager
100 _aScholz, Michael:
245 _aBeeskow/
_cMichael Scholz
490 _aResidenzforschung
650 _aResidenzstadt
651 _aBeeskow
773 _dOstfildern: Thorbecke, 2018
_gS. 32-34
_tResidenzstädte im alten Reich 1300-1800
942 _cA